000 00853caa a22002417a 4500
999 _c417835
_d417835
001 129934
003 UA-OsUOA
005 20200121125203.0
007 ta
008 20180331b un ||||| |||| 00| 0 ukr d
040 _aUA-OsUOA
_bukr
_cUA-OsUOA
_dUA-OsUOA
041 _aukr
080 _a908
090 _a908
_bК72
100 _aКостилєва Н.
245 _aНарис до історї роду Кікеців
_cН. Костилєва
300 _aС. 131–137
650 7 _a908 Краєзнавство
_2UDC
773 0 _0318345
_9334428
_dОстрог Національний університет "Острозька академія" 2002
_o60656
_tНаукові записки
_w(UA-OsUOA) 31910
_z966-95-166-9-2
942 _cBKA
_2udc
955 _a1